000 00356 a2200157 4500
001 163071
020 _a
040 _cMagnum
100 _aBraz, Julio Emilio
240 1 0 _aBreve cronica de liberdade
_lpor
245 1 0 _aBreve cronica de liberdade
362 0 _a1899
440 1 _aAo Livro Técnico
697 _aJ/SOCIEDADE, COTIDIANO
942 _cBK
999 _c163071
_d163071